000 00647nam a2200229Ia 4500
003 OSt
005 20220928121007.0
006 a|||||r|||| 00| 0
007 ta
008 220927b |||||||| |||| 00| 0 eng d
024 _a48640
037 _cTextual
040 _aSDCL
_cSDCL
_beng
041 _2eng
_aeng
082 _aV5:24'N1<-I, H0
100 _aMarriott J A R
_9451438
245 0 _aEastern question
_b An historical study in European diplomacy.
260 _aOxford
_bClarendon Press
_c1940
300 _axii,602p.
_ccm.
942 _hV5:24'N1<-I, H0
_cTEXL
_2CC
999 _c765496
_d765496